Agricultural development in Maharashtra: Problems and prospects (Record no. 43884)

MARC details
000 -LEADER
fixed length control field 00304nam a2200109Ia 4500
082 ## - DEWEY DECIMAL CLASSIFICATION NUMBER
Classification number 338.43.01(547.1MAH)
Item number SAN
100 ## - MAIN ENTRY--AUTHOR NAME
Personal name S D
245 #0 - TITLE STATEMENT
Title Agricultural development in Maharashtra: Problems and prospects
260 ## - PUBLICATION, DISTRIBUTION, ETC. (IMPRINT)
Place of publication Mumbai
Name of publisher NBARD
Year of publication 1999
942 ## - ADDED ENTRY ELEMENTS (KOHA)
Koha item type Books
Holdings
Withdrawn status Lost status Damaged status Not for loan Home library Current library Date acquired Source of acquisition Full call number Accession Number Koha item type
        RRII Library RRII Library 16/12/2021 Gift 338.43.01(547.1MAH) SAN G00633 Books